000
00285nam a2200121 a 4500
001
4140
005
20140414132029.0
008
090218s19uu xx 00 eng d
050
_a
TR
_b
L56 2006
100
_a
Stanley, Mandy
245
_a
Lettice :
_b
the birthday party.
999
_c
113587
_d
113587